Performance Analysis Of Three Phase Transformer Using Differential Protection Relay (Record no. 66784)

MARC details
000 -LEADER
fixed length control field 00361nam a22001217a 4500
082 ## - DEWEY DECIMAL CLASSIFICATION NUMBER
Classification number R/1EL16
100 ## - MAIN ENTRY--AUTHOR NAME
Personal name Zahid Hussain Zardari
-- 16EL62
245 ## - TITLE STATEMENT
Title Performance Analysis Of Three Phase Transformer Using Differential Protection Relay
260 ## - PUBLICATION, DISTRIBUTION, ETC. (IMPRINT)
Place of publication Nawabshah
Name of publisher QUEST
Year of publication 2019
300 ## - PHYSICAL DESCRIPTION
Number of Pages 47P.
700 ## - ADDED ENTRY--PERSONAL NAME
Personal name Department Of Electrical Engineering
942 ## - ADDED ENTRY ELEMENTS (KOHA)
Koha item type Thesis and Dissertation
Holdings
Withdrawn status Lost status Home library Current library Date acquired Accession Number Koha item type
    Research Section Research Section 07/01/2021 ELP/55-465 Thesis and Dissertation